000 00624nam a2200217Ia 4500
005 20241129111407.0
008 241129s9999||||xx |||||||||||||| ||und||
020 _a978-1-63927-438-3
037 _aTB
040 _aCRL
_beng
_cCRL
041 _aeng
_2eng
084 _aS:56-86 R1
_qCRL
100 _aLayton Du stin Ed.
_9724287
245 0 _aDepression: clinical and research perspectives
_cLayton Du stin Ed.
260 _aNew Delhi, USA
_bAmerican Medical Publishers
_c2021
300 _avii,229p.
365 _aUSD
_b160
650 _aPsychology
942 _cTB
_hS:56-86 R1
999 _c1230259
_d1230259